000 01245nam a2200325 i 4500
003 EG-GICUC
005 20260127235919.0
008 260127s1995 ua ||||fr|||| 00| 0 ara d
040 _a EG-GICUC
_bara
_c EG-GICUC
_d EG-GICUC
_erda
041 0 _aara
082 0 4 _a343.42
_bع م . ن
_221
092 0 4 _221
099 _aLaw1 10 343.42 ع م . ن 1 ed - 1995 1006847
100 0 _aعمر سالم.
_eمؤلف.
245 1 0 _aنحو قانون جنائي للصحافة.
_nالكتاب الأول،
_pالقسم العام /
_cدكتور عمر سالم.
250 _aالطبعة الأولى،
264 3 _aالقاهرة :
_bدار النهضة العربية،
_c1995.
300 _a303 صفحة ؛
_c24 سم.
336 _2rda content
_atext
337 _2rda media
_aComputer
338 _2rda carrier
_aOnline Resource
504 _aيشتمل على إرجاعات ببليوجرافية.
546 _aالنص باللغة العربية
650 1 4 _aالتشريعات المتعلقة بالصحة والأخلاق العامة.
_2qrmak
650 1 4 _aالقانون الجنائي.
_2qrmak
651 1 _2qrmak
856 4 0 _uhttps://fll.law.cu.edu.eg/fulltext/bks/B10-06847.pdf
905 _a18
942 _2ddc
_cBK
_e21
_n0
999 _c59907
_d59907